[Event "Aracaju op"]
[Site "Aracaju"]
[Date "2024.10.20"]
[Round "5"]
[White "De Lima, Julia Santana"]
[Black "Dos Santos, Leonardo Silva"]
[Result "1/2-1/2"]
[WhiteElo "1788"]
[BlackElo "1800"]
[PlyCount "79"]
[EventDate "2024.10.18"]
[EventType "swiss"]
[EventRounds "6"]
[EventCountry "BRA"]
[SourceTitle "CB44_2024"]
[Source "Chessbase"]
[SourceDate "2024.10.30"]
[SourceVersion "1"]
[SourceVersionDate "2024.10.30"]
[SourceQuality "1"]

1. e4 e5 2. Nf3 Nc6 3. d4 exd4 4. Nxd4 Nf6 5. Nc3 a6 6. a3 Bc5 7. Be3 Nxd4 8. Bxd4 Bxd4 9. Qxd4 d6 10. Qd1 0-0 11. g3 Bg4 12. f3 Bd7 13. Bg2 Bc6 14. 0-0 d5 15. exd5 Nxd5 16. Nxd5 Bxd5 17. Rb1 c6 18. Re1 Qb6+ 19. Kh1 Rfe8 20. Rxe8+ Rxe8 21. c3 Qf2 22. Qg1 Re2 23. Qxf2 Rxf2 24. Re1 Kf8 25. Rb1 Bxf3 26. Bxf3 Rxf3 27. Kg2 Rd3 28. b4 Rxc3 29. a4 Ke7 30. b5 axb5 31. axb5 c5 32. Re1+ Kf6 33. Rd1 Rb3 34. Rd6+ Ke5 35. Rb6 c4 36. Rxb7 c3 37. b6 c2 38. Rc7 Rb2 39. Kh3 Rxb6 40. Rxc2 1/2-1/2